00437nam a22001697a 4500003000400000008004100004020001800045100002400063245005200087260003100139300001100170650001700181700001500198700002200213700001500235700001700250OSt250430b |||||||| |||| 00| 0 eng d a9789389354522 aBodakhe, Surendra.H aGuideliens and Screening method of Pharmacology aHyderabadbPharmamedc2025 axv,209 aPharmacology aJain, Prag abattacharya, Arin aJaya shree aAmrita Singh